Оценка уровня накопления тяжелых металлов в почвах, минеральных удобрениях и сельхозпродукции Западно-Сибирского региона: промежуточный отчет о НИР; госбюджетная тема № 1.10

Chi tiết về thư mục
Tác giả của công ty: Томский политехнический университет (ТПУ) (595)
Tác giả khác: Рихванов Л. П. Леонид Петрович (руководитель), Язиков Е. Г. Егор Григорьевич (исполнитель), Сарнаев С. И., Грязнов С. А., Миков О. А.
Tóm tắt:Передано в Государственный архив Томской области
Ngôn ngữ:Tiếng Nga
Được phát hành: Томск, 1994
Định dạng: MixedMaterials Sách
KOHA link:https://koha.lib.tpu.ru/cgi-bin/koha/opac-detail.pl?biblionumber=149328

MARC

LEADER 00000nbm0a2200000 4500
001 149328
005 20240111155955.0
029 0 0 |a SU  |b 01920000326  |f ТПУ 
035 |a (RuTPU)RU\TPU\book\161884 
035 |a RU\TPU\book\161123 
090 |a 149328 
100 |a 20081215d1994 k y0rusy50 ca 
101 0 |a rus 
102 |a RU 
105 |a a p 001zy 
200 1 |a Оценка уровня накопления тяжелых металлов в почвах, минеральных удобрениях и сельхозпродукции Западно-Сибирского региона   |e промежуточный отчет о НИР  |e госбюджетная тема № 1.10  |f Томский политехнический университет (ТПУ) ; руководитель Л. П. Рихванов ; Е. Г. Язиков, С. И. Сарнаев, С. А. Грязнов, О. А. Миков 
210 |a Томск  |d 1994 
215 |a 94 л. 
320 |a Библиогр.: с. 93-94. 
333 |a Передано в Государственный архив Томской области 
702 1 |a Рихванов  |b Л. П.  |c российский ученый, геолог  |c профессор Томского политехнического университета, доктор геолого-минералогических наук  |c заслуженный геолог РФ  |c почетный работник высшего образования РФ  |f 1945-  |g Леонид Петрович  |3 (RuTPU)RU\TPU\pers\23187  |4 673 
702 1 |a Язиков  |b Е. Г.  |c специалист в области геологии и минералогии  |c профессор Томского политехнического университета, доктор геолого-минералогических наук, заместитель проректора по образовательной и международной деятельности  |f 1955-  |g Егор Григорьевич  |3 (RuTPU)RU\TPU\pers\26057  |4 677  |9 11896 
702 1 |a Сарнаев  |b С. И.  |4 677 
702 1 |a Грязнов  |b С. А.  |4 677 
702 1 |a Миков  |b О. А.  |4 677 
712 0 2 |a Томский политехнический университет (ТПУ)  |c (1991- )  |3 (RuTPU)RU\TPU\col\376  |4 595 
801 1 |a RU  |b 63413507  |c 20081204  |g PSBO 
801 2 |a RU  |b 63413507  |c 20171110  |g PSBO 
942 |c BK